000 00987nam a22002897a 4500
003 CHAP
005 20220329134328.0
008 971013s1966 r 00010 d
010 _a18838
011 _a19810
035 _a23895
040 _cCHAP
090 _aFolleto 7670
100 0 0 _aAlvarado J., Sergio.
_94787
245 _aDinitros, sus propiedades herbicidas y su evolución en la agricultura tecnificada
260 _aMérida, Yuc., :
_bDow Química Mexicana,
_c1966
300 _a33 p
500 _aPonencia presentada en: Asamblea General Ordinaria de la Sección de Parasiticidas y Fertilizantes del CNIT. 14; Mérida, Yuc., 1966
590 _aBATCH-UPD
_b10
_c20130110
_lUCH01
_h0202
590 _aBATCH-UPD
_b10
_c20130110
_lUCH01
_h0909
590 _aCONVERSION
_b10
_c20130109
_lUCH01
_h1311
650 1 4 _aDinitro-ortho-cresol.
_932624
650 1 4 _aHerbicidas.
_953691
901 _aBK
942 _cFOLL
949 _afolleto 7670
_bBC
_cFOLL
_d-55355
_eTS2
_i23895
_si
999 _c18838
_d18838